Statistiques concernant Les compagnons animaliers de dessins animés

Cliquez ici pour prendre le quiz!

Statistiques générales

  • Ce quiz a été pris 388 fois
    (372 depuis la dernière actualisation)
  • Le résultat moyen est 9 sur 25

Statistiques - réponses

Personnages principaux humainsCompagnons animal% Correct
ArielBarboteur
91%
ArielSébastien
76%
MoogliBaloo
75%
AladdinAbu
73%
RaiponcePascal
71%
KristoffSven
69%
CendrillonGus gus
61%
Alfredo LinguiniRemi
61%
JafarIago
53%
FlynnMaximus
43%
Moana (Vaina)Hei Hei
40%
JasmineRajah
39%
Moana (Vaina)Pua
36%
CocoDante
27%
Pinocchio / GepettoFigaro
25%
PochaontasMeeko
21%
RussellDoug
18%
TarzanTok
10%
TianaLouis
9%
ImeldaPepita
5%
PennyVolt
5%
RayaSisu
3%
Fei FeiBungee
1%
GrugChunky
0%
YiEverest
0%

Distribution des résultats

Percentile par nombre de réponses

% des personnes avec chaque résultat

Votre développement - résultats

Vous n’avez pas pris ce quiz depuis la dernière actualisation